Представление документа в формате MARC21

ПолеНазваниеЗначение
  Тип записи a
  Библиографический уровень m
001 Контрольный номер RU\infra-m\znanium\bibl\1012443
005 Дата корректировки 20230313235221.3
008 Кодируемые данные 220928s2020 RU g rus u
020 Индекс ISBN __
a ISBN 978-5-16-006752-0
020 Индекс ISBN __
a ISBN 978-5-16-100148-6
040 Источник каталогиз. __
a Служба первич. каталог. Общество с ограниченной ответственностью «ЗНАНИУМ»
041 Код языка издания __
a Код языка текста rus
044 Код страны публикации __
a Код страны публикации RU
080 Индекс УДК __
a Индекс УДК 622.2(075.8)
084 Индекс другой классификации/Индекс ББК __
2 Источник индекса rubbk
a Индекс другой классификации/Индекс ББК 33.3я73
084 Индекс другой классификации/Индекс ББК __
2 Источник индекса okso
a Индекс другой классификации/Индекс ББК 05.04.01
084 Индекс другой классификации/Индекс ББК __
2 Источник индекса okso
a Индекс другой классификации/Индекс ББК 21.05.04
084 Индекс другой классификации/Индекс ББК __
2 Источник индекса okso
a Индекс другой классификации/Индекс ББК 05.03.01
100 Автор __
a Автор Голик Владимир Иванович
q Полное имя Владимир Иванович
245 Заглавие __
a Заглавие Подземная разработка месторождений
b Продолж. заглавия Учебное пособие
c Ответственность Северо-Кавказский горно-металлургический институт (государственный технологический университет)
250 Сведения об издании __
a Основные сведения об издании 1
260 Выходные данные __
a Место издания Москва
b Издательство ООО "Научно-издательский центр ИНФРА-М"
c Дата издания 2019
300 Физическое описание __
a Объем 117 с.
440 Серия __
a Серия Высшее образование: Магистратура
520 Аннотация __
a Аннотация В учебном пособии иатожены аспекты добычи полезных ископаемых по специальностям горного дела в рамках учебных программ для студентов горных специальностей.
521 Примеч. о цел. назн. __
a Примеч. о целев. назн. ВО - Бакалавриат
650 Тематические рубрики __
a Основная рубрика Промышленность. Энергетика
x Основная подрубрика Горная промышленность. Металлургия
856 Электронный адрес документа 4_
a Имя сервера/домена znanium.com
m Помощь ebs_support@infra-m.ru
n Местонахождение сервера НИЦ ИНФРА-М
u URL https://znanium.com/catalog/document?id=354412
856 Электронный адрес документа 41
a Имя сервера/домена znanium.com
d Путь /cover/1012
f Электронное имя 1012443.jpg
q Тип электронного формата image/jpeg
u URL https://znanium.com/cover/1012/1012443.jpg
911 __
u 0030=https://znanium.com/catalog/document?id=354412
911 __
u 608a=Учебное пособие
u 6082=local
911 __
u 9032=443
911 __
u 951p=s://znanium.com/catalog/document?id=354412&pid=